000 00527nam a2200181Ia 4500
008 090124s9999 xx 000 0 und d
082 _b47176
100 _aजांभळे बाळकृष्ण
245 _a आकाशपाळणा
250 _a1
260 _c2008
300 _a132
600 _aजांभळे बाळकृष्ण
630 _a आकाशपाळणा
700 _aजांभळे बाळकृष्ण
730 _a आकाशपाळणा
942 _cBOOK
999 _c113399
_d113399